000
00264nam a22001337a 4500
003
SGT
082
_a
155.9
_b
STE
100
_a
STEG LINDA
245
_a
ENVIRONMENTAL PSYCHOLOGY
250
_a
2ND
260
_a
US
_b
WIELY
_c
2019
300
_a
418
942
_2
ddc
_c
BK
999
_c
33198
_d
33198